000 00861nam a22002537a 4500
003 URS
005 20250128233053.0
008 250121b |||||||| |||| 00| 0 eng d
020 _a978-621-427-138-2
040 _cURS
050 0 0 _aHD6961
_b.C1467 2023
100 1 _aCamiliar-Serrano, Angelita Ong
_eAuthor
245 1 0 _aLabor relations management and negotiations /
_c Angelita OngCamiliar-Serrano [and] Rodolfo, Lapaz Ducut
250 _asecond edition.
264 1 _aManila
_bUnlimited Books Library Services & Publishing INC.,
_c@2023
300 _axiv, 464pages;
_c25cm.
336 _2 rdacontent
_a text
337 _2rdamedia
_aunmediated
338 _2 rdacarrier
_a volume
504 _ait includes bibliography.
650 _2Industrial relation-- philippines.
700 _aRodolfo Lapaz Ducut
_eAuthor
942 _2lcc
_cF
999 _c81862
_d81861